Central Library OPAC University of Rajshahi

Cities and society : (Record no. 34384)

MARC details
000 -LEADER
fixed length control field 00804nam a22002531 4500
001 - CONTROL NUMBER
control field 34384
003 - CONTROL NUMBER IDENTIFIER
rucl marc code BD-RjUL
005 - DATE AND TIME OF LATEST TRANSACTION
control field 20211209052142.0
008 - FIXED-LENGTH DATA ELEMENTS--GENERAL INFORMATION
fixed length control field 140517r19611957ilua 000 0 eng d
035 ## - SYSTEM CONTROL NUMBER
System control number (BD-RjUL)34478
040 ## - CATALOGING SOURCE
Original cataloging agency DLC
Transcribing agency DLC
Modifying agency DLC
-- BD-RjUL
Language of cataloging eng
041 ## - LANGUAGE CODE
Language code of text/sound track or separate title eng
082 00 - DEWEY DECIMAL CLASSIFICATION NUMBER
Classification number 307.76
Edition number 21
Author mark and year CIT 1961
245 10 - TITLE STATEMENT
Title Cities and society :
Remainder of title the revised Reader in urban sociology /
Statement of responsibility, etc. Edited by Paul K. Hatt and Albert J. Reiss, Jr.
260 ## - PUBLICATION, DISTRIBUTION, ETC. (IMPRINT)
Place of publication, distribution, etc. Glencoe, Ill. :
Name of publisher, distributor, etc. Free Press,
Date of publication, distribution, etc. c1957 [Reprinted 1961]
300 ## - PHYSICAL DESCRIPTION
Pagination 852 p. :
Illustrations ill. ;
Size 24 cm.
650 #0 - SUBJECT ADDED ENTRY--TOPICAL TERM
Topical term or geographic name as entry element Sociology, Urban.
9 (RLIN) 104559
700 1# - ADDED ENTRY--PERSONAL NAME
Personal name Reiss, Albert J.,
Relator term joint ed.
Personal name Hatt, Paul K.,
942 ## - ADDED ENTRY ELEMENTS (KOHA)
Source of classification or shelving scheme Dewey Decimal Classification
Koha item type Books
Holdings
Lost status Source of classification or shelving scheme Damaged status Not for loan Permanent Location Current Location Shelving location Date acquired Source of acquisition Cost, normal purchase price Total Checkouts Full call number Date last seen Copy number Koha item type Collection code
  Dewey Decimal Classification   Not For Loan Central Library, University of Rajshahi Central Library, University of Rajshahi Reading Room 16/02/1963 Zeitlinger 56.00   307.76 CIT 1961 17/05/2014 C-1 Books  
  Dewey Decimal Classification     Central Library, University of Rajshahi Central Library, University of Rajshahi   27/11/1967 Zeitlinger 63.00   307.76 CIT 1964 17/05/2014 C-2 Books Non-fiction